Újabb időkapszulákat gyűjtött az SZTE Alma Mater

Elmentve itt :
Bibliográfiai részletek
Dokumentumtípus: Cikk
Megjelent: 2014
Sorozat:Alma mater magazin
Online Access:http://univ.bibl.u-szeged.hu/9764
LEADER 00545nab a2200169 i 4500
001 univ9764
005 20171214083621.0
008 170606s2014 hu o 0|| hun d
022 |a 2060-9639 
040 |a SZTE UnivHistória Repozitórium  |b hun 
041 |a hun 
245 0 0 |a Újabb időkapszulákat gyűjtött az SZTE Alma Mater  |h [elektronikus dokumentum] 
260 |c 2014 
300 |a 27 
490 0 |a Alma mater magazin 
561 |a Egyetemi, hallgatói élet 
856 4 0 |u http://univ.bibl.u-szeged.hu/9764/1/almamater_2014_001_027.pdf  |z Dokumentum-elérés